书目信息 |
| 题名: |
小学教育改革与发展简介
|
|
| 作者: | ;国家教育委员会师范教育司 组编 | |
| 分册: | ||
| 出版信息: | 北京 首都师范大学出版社 1997 |
|
| 页数: | 185页 | |
| 开本: | 19cm | |
| 丛书名: | ||
| 单 册: | ||
| 中图分类: | G629.21 | |
| 科图分类: | ||
| 主题词: | 小学--教育改革--中国--小学教师--教材 , 小学 , 教育改革 | |
| 电子资源: | ||
| ISBN: | 7-81039-849-0 | |
| 000 | 00774nam0 2200241 450 | |
| 001 | 1559000119 | |
| 005 | 20150129162346.00 | |
| 010 | @a7-81039-849-0@dCNY6.00 | |
| 100 | @a19980225d1997 em y0chiy0110 ea | |
| 101 | 0 | @achi |
| 102 | @aCN@b110000 | |
| 105 | @ay z 000yy | |
| 200 | 1 | @a小学教育改革与发展简介@9xiao xue jiao yu gai ge yu fa zhan jian jie@f国家教育委员会师范教育司组编 |
| 210 | @a北京@c首都师范大学出版社@d1997 | |
| 215 | @a185页@d19cm | |
| 300 | @a全国小学新教师试用期培训教材 | |
| 606 | 0 | @a小学@x教育改革@y中国@x小学教师@x教材 |
| 606 | 0 | @a小学 |
| 606 | 0 | @a教育改革 |
| 690 | @aG629.21@v5 | |
| 711 | 02 | @a国家教育委员会师范教育司@9guo jia jiao yu wei yuan hui shi fan jiao yu si@4组编 |
| 801 | 0 | @aCN@bTSSF@c20150129 |
| 905 | @aZUCC@dG629.21@eJY2 | |
| 小学教育改革与发展简介/国家教育委员会师范教育司组编.-北京:首都师范大学出版社,1997 |
| 185页;19cm |
| 全国小学新教师试用期培训教材 |
| ISBN 7-81039-849-0:CNY6.00 |
| ● |
| 相关链接 |
|
|
|
|
正题名:小学教育改革与发展简介
索取号:G629.21/JY2
 
预约/预借
| 序号 | 登录号 | 条形码 | 馆藏地/架位号 | 状态 | 备注 |
| 1 | 7861250 | 278612501 | 学院路分馆/ [索取号:G629.21/JY2] | 在馆 |